| 000 | 00674nam a2200217Ia 4500 | ||
|---|---|---|---|
| 005 | 20220722105438.0 | ||
| 008 | 210716s2009 xx 000 0 und d | ||
| 020 | _a9788122424720 | ||
| 040 | _cAIMIT LIBRARY | ||
| 041 | _aeng | ||
| 082 |
_a519.5 _25 _bAGAB |
||
| 100 |
_aAgarwal, B L. _952589 |
||
| 245 |
_aBasic statistics / _cBy B L Agarwal. |
||
| 250 | _a5th ed. | ||
| 260 |
_aNew Delhi : _bNew Age International Pvt Ltd , _c2009. |
||
| 300 |
_axxiv,806p. ; _c24 cm. |
||
| 650 |
_aStatus of statistics _952590 |
||
| 650 |
_aClassification tabulation and graphical representation _952591 |
||
| 650 |
_aNonparametric tests _952592 |
||
| 942 |
_2ddc _cBK _e5th _k519.5 AGAB |
||
| 999 |
_c190190 _d190190 |
||